Welcome to WEB OPAC of MRSPTU Central Library

Guidebook for Drug Regulatory Submissions (Record no. 7209)

MARC details
000 -LEADER
fixed length control field 00426nam a2200169Ia 4500
008 - FIXED-LENGTH DATA ELEMENTS--GENERAL INFORMATION
fixed length control field 230711s9999||||xx |||||||||||||| ||und||
020 ## - INTERNATIONAL STANDARD BOOK NUMBER
International Standard Book Number 978-0-470-37138-1
041 ## - LANGUAGE CODE
Language code of text/sound track or separate title ENG
082 ## - DEWEY DECIMAL CLASSIFICATION NUMBER
Classification number 615.1072
Item number WE-G
100 ## - MAIN ENTRY--PERSONAL NAME
Personal name Weinberg, Sandy
245 #0 - TITLE STATEMENT
Title Guidebook for Drug Regulatory Submissions
250 ## - EDITION STATEMENT
Edition statement 1st Ed.
260 ## - PUBLICATION, DISTRIBUTION, ETC.
Date of publication, distribution, etc. 2009
Place of publication, distribution, etc. New Jersy
Name of publisher, distributor, etc. John Wiley & Sons.Inc
300 ## - PHYSICAL DESCRIPTION
Extent 379p.
650 ## - SUBJECT ADDED ENTRY--TOPICAL TERM
Topical term or geographic name entry element Pharmacy
942 ## - ADDED ENTRY ELEMENTS (KOHA)
Koha item type Book
Holdings
Withdrawn status Lost status Damaged status Not for loan Collection Home library Current library Date acquired Source of acquisition Cost, normal purchase price Inventory number Total checkouts Full call number Barcode Date last seen Price effective from Koha item type
          MRSPTU Central Library MRSPTU Central Library   Krishna Book Distributors 127.95 KBD/2017-2018/977742872   615.1072 WE-G P403 08/17/2023 08/17/2023 Book

Website Designed and Developed by MRSPTU Central Library Team

E-mail Id: librarian@mrsptu.ac.in